THE DEFINITIVE GUIDE TO CRIMINAL JUSTICE ANAD CRIMINOLOGY ON THE WORLD WIDE WEB (Record no. 208475)

MARC details
000 -LEADER
fixed length control field 00636nam a22001697a 4500
008 - FIXED-LENGTH DATA ELEMENTS--GENERAL INFORMATION
fixed length control field 231127b |||||||| |||| 00| 0 eng d
020 ## - INTERNATIONAL STANDARD BOOK NUMBER
International Standard Book Number 0-13-091590-4
050 ## - LIBRARY OF CONGRESS CALL NUMBER
Classification number KF 242 .C72 D44 2002
100 ## - MAIN ENTRY--PERSONAL NAME
Personal name SCHMALLEGER,FRANK
245 ## - TITLE STATEMENT
Title THE DEFINITIVE GUIDE TO CRIMINAL JUSTICE ANAD CRIMINOLOGY ON THE WORLD WIDE WEB
250 ## - EDITION STATEMENT
Edition statement 2ND.ED.
260 ## - PUBLICATION, DISTRIBUTION, ETC.
Place of publication, distribution, etc. UPPER SADDLE RIVER
Name of publisher, distributor, etc. PRENTICE HALL
Date of publication, distribution, etc. 2002
300 ## - PHYSICAL DESCRIPTION
Extent VIII,166P.
500 ## - GENERAL NOTE
General note INCLUDES BIBLIOGRAPHICAL REFERENCES AND INDEX
650 ## - SUBJECT ADDED ENTRY
Topical term or geographic name entry element United States-Criminology--Computer network resources:Criminal justice, Administration of--Computer network resources
942 ## - ADDED ENTRY ELEMENTS (KOHA)
Source of classification or shelving scheme Library of Congress Classification
Koha item type Long Loan Book
Holdings
Withdrawn status Lost status Source of classification or shelving scheme Damaged status Not for loan Collection Home library Current library Shelving location Date acquired Inventory number Total checkouts Full call number Barcode Date last seen Copy number Price effective from Koha item type
    Library of Congress Classification     Law Kisii University Library Kisii University Library On Display 11/27/2023 101254   KF 242 .C72 D44 2002 000000002082 11/27/2023 C.1 11/27/2023 Long Loan Book